Multiple intelligences in the classroom /

Bibliographic Details
Main Author: Armstrong, Thomas
Corporate Author: Association for Supervision and Curriculum Development
Format: Book
Language:English
Published: Alexandria, Va. : Association for Supervision and Curriculum Development, [2000]
Edition:2nd ed.
Subjects:

MARC

Tag First Indicator Second Indicator Subfields
LEADER 00000pam a2200000 a 4500
001 in00001541321
005 20151022060804.0
008 000214s2000 vau b 001 0 eng
010 |a  00008421  
020 |a 0871203766 (pbk.) 
035 |a (OCoLC)ocm43465315 
040 |a DLC  |c DLC  |d YDX  |d UtOrBLW 
049 |a TXAM 
050 0 0 |a LB1025.3  |b .A76 2000 
082 0 0 |a 370.15/23  |2 21 
100 1 |a Armstrong, Thomas. 
245 1 0 |a Multiple intelligences in the classroom /  |c Thomas Armstrong. 
250 |a 2nd ed. 
264 1 |a Alexandria, Va. :  |b Association for Supervision and Curriculum Development,  |c [2000] 
264 4 |c ©2000 
300 |a ix, 154 pages ;  |c 25 cm. 
336 |a text  |b txt  |2 rdacontent 
337 |a unmediated  |b n  |2 rdamedia 
338 |a volume  |b nc  |2 rdacarrier 
500 |a "ASCD stock number 100041"--Title page verso. 
504 |a Includes bibliographical references (pages 141-144) and index. 
505 0 |a The foundations of the theory of multiple intelligences -- MI and personal development -- Describing intelligences in students -- Teaching students about MI theory -- MI and curriculum development -- MI and teaching strategies -- MI and the classroom environment -- MI and classroom management -- The MI school -- MI and assessment -- MI and special education -- MI and cognitive skills -- Other applications of MI theory -- MI and existential intelligence. 
650 0 |a Teaching. 
650 0 |a Cognitive styles. 
650 0 |a Learning. 
650 0 |a Multiple intelligences. 
710 2 |a Association for Supervision and Curriculum Development. 
994 |a E0  |b TXA 
948 |a cataloged  |b h  |c 2000/8/3  |d c  |e pkellar  |f 11:51:40 am 
999 |a MARS 
999 f f |s ae6bfeba-ac07-3cd1-aecc-aea64dbe52ac  |i 3733e7eb-a497-3a6a-ad4d-324ee7e4bb18  |t 0 
952 f f |p normal  |a Texas A&M University  |b College Station  |c Sterling C. Evans Library  |d Evans: Library Stacks  |t 0  |e LB1025.3 .A76 2000  |h Library of Congress classification  |i unmediated -- volume  |m A14826496496 
998 f f |a LB1025.3 .A76 2000  |t 0  |l Evans: Library Stacks